日本国内映画の興行収入ランキング - Statistics

General Stats
  • This quiz has been taken 317 times
  • The average score is 7 of 20
Answer Stats
順位 作品タイトル 興行収入(億円) 公開日 % Correct
1 劇場版「鬼滅の刃」無限列車編 404.3 2020/10/16
91%
2 千と千尋の神隠し 316.8 2001/7/20
90%
5 君の名は。 251.7 2016/8/26
58%
16 天気の子 142.3 2019/7/19
53%
3 タイタニック 277.7 1997/12/20
46%
4 アナと雪の女王 255 2014/3/14
46%
8 もののけ姫 201.8 1997/7/12
44%
14 崖の上のポニョ 155 2008/7/19
44%
9 ハウルの動く城 196 2004/11/20
38%
10 踊る大捜査線 THE MOVIE2 レインボーブリッジを封鎖せよ! 173.5 2003/7/19
35%
12 アバター 159 2009/12/23
26%
15 すずめの戸締まり 149.4 2022/11/11
26%
6 ONE PIECE FILM RED 203.3 2022/8/6
23%
19 劇場版 呪術廻戦 0 138 2021/12/24
21%
13 THE FIRST SLAM DUNK 157.3 2022/12/3
18%
7 ハリー・ポッターと賢者の石 203 2001/12/1
14%
18 名探偵コナン 黒鉄の魚影 138.3 2023/4/14
14%
11 ハリー・ポッターと秘密の部屋 173 2002/11/23
9%
17 ザ・スーパーマリオブラザーズ・ムービー 140.1 2023/4/28
8%
20 トップガン マーヴェリック 137.6 2022/5/27
7%
No matching quizzes found
Score Distribution
Percent of People with Each Score
Percentile by Number Answered
Your Score History
You have not taken this quiz